| 000 -LEADER |
| fixed length control field |
00664cam a22002055i 4500 |
| 001 - CONTROL NUMBER |
| control field |
20656111 |
| 005 - DATE AND TIME OF LATEST TRANSACTION |
| control field |
20221107164100.0 |
| 008 - FIXED-LENGTH DATA ELEMENTS--GENERAL INFORMATION |
| fixed length control field |
180831s2019 enka b 001 0 eng d |
| 020 ## - INTERNATIONAL STANDARD BOOK NUMBER |
| International Standard Book Number |
9780198806769x |
| 041 ## - LANGUAGE CODE |
| Language code of text/sound track or separate title |
eng |
| 080 ## - UNIVERSAL DECIMAL CLASSIFICATION NUMBER |
| Universal Decimal Classification number |
658.4 M-21 |
| 100 1# - MAIN ENTRY--PERSONAL NAME |
| Personal name |
Mallin, Chris A. |
| 9 (RLIN) |
9648 |
| 245 10 - TITLE STATEMENT |
| Title |
Corporate governance / |
| Statement of responsibility, etc. |
Christine A. Mallin. |
| 250 ## - EDITION STATEMENT |
| Edition statement |
Sixth edition. |
| 264 #4 - PRODUCTION, PUBLICATION, DISTRIBUTION, MANUFACTURE, AND COPYRIGHT NOTICE |
| Date of production, publication, distribution, manufacture, or copyright notice |
[2019]. |
| Place of production, publication, distribution, manufacture |
New York, NY : |
| Name of producer, publisher, distributor, manufacturer |
Oxford University Press, |
| 300 ## - PHYSICAL DESCRIPTION |
| Extent |
411 pages : |
| Other physical details |
illustrations ; |
| Dimensions |
25 cm. |
| 653 ## - INDEX TERM--UNCONTROLLED |
| keyword |
კორპორატიული მმართველობა |
| 653 ## - INDEX TERM--UNCONTROLLED |
| keyword |
ბიზნეს მენეჯმენტი |
| 942 ## - ADDED ENTRY ELEMENTS (KOHA) |
| Source of classification or shelving scheme |
|
| Koha item type |
წიგნი |